000 00421nam a22001691a 4500
999 _c46855
_d46855
020 _a9788124006221
082 _aM301
_bRAM/T
100 _aRamesan Nair K
245 _aTheranjedutha police kathakal/
_cby Ramesan Nair K
260 _bRamesan Nair K
_c1998
_a
300 _a300p.
500 _aRamesan Nair S
650 _aStories Malayalam
650 _aLiterature Malayalam
650 _aLiterature
942 _cBK